|
|
|
|
| LEADER |
00962nam a22002057a 4500 |
| 008 |
130807b xxu||||| |||| 00| 0 eng d |
| 999 |
|
|
|c 2848
|d 2848
|
| 020 |
|
|
|a 9789380884486
|
| 082 |
|
|
|a 320.532092
|b NAM/PRA
|
| 100 |
|
|
|a നമ്പാടന്, ലോനപ്പന്
|
| 240 |
|
|
|a Ningalude Swantham Nampadan
|
| 245 |
|
|
|a നിങ്ങളുടെ സ്വന്തം നമ്പാടന് /
|c പ്രകാശ്, പി
|
| 260 |
|
|
|a തൃശൂര് :
|b ഗ്രീന് ബുക്സ്,
|c 2011.
|
| 300 |
|
|
|a 122p.
|
| 650 |
|
|
|a Politics
|
| 650 |
|
|
|a Communism
|
| 700 |
|
|
|a Nampadan, Lonappan
|
| 942 |
|
|
|2 ddc
|c BK
|
| 952 |
|
|
|0 0
|1 0
|2 ddc
|4 0
|6 923_205320000000000_NAM
|7 0
|9 3514
|a MAIN
|b MAIN
|d 2013-08-07
|e Green Books
|g 100.00
|o 923.20532 NAM
|p 3210
|r 2013-08-07
|t 1
|w 2013-08-07
|y BK
|
| 952 |
|
|
|0 0
|1 0
|2 ddc
|4 0
|6 923_205320000000000_NAM
|7 0
|9 3515
|a MAIN
|b MAIN
|d 2013-08-07
|e Green Books
|g 100.00
|o 923.20532 NAM
|p 3211
|r 2013-08-07
|t 2
|w 2013-08-07
|y BK
|